Garden anywhere : (Record no. 1867)

MARC details
000 -LEADER
fixed length control field 02215cam a22004697a 4500
001 - CONTROL NUMBER
control field data
005 - DATE AND TIME OF LATEST TRANSACTION
control field 20260322212122.0
008 - FIXED-LENGTH DATA ELEMENTS--GENERAL INFORMATION
fixed length control field data
035 ## - SYSTEM CONTROL NUMBER
System control number 16450216
010 ## - LIBRARY OF CONGRESS CONTROL NUMBER
LC control number 2010282363
015 ## - NATIONAL BIBLIOGRAPHY NUMBER
National bibliography number GBA922913
Source bnb
016 7# - NATIONAL BIBLIOGRAPHIC AGENCY CONTROL NUMBER
Record control number 014921042
Source Uk
020 ## - INTERNATIONAL STANDARD BOOK NUMBER
International Standard Book Number 9780811868754
020 ## - INTERNATIONAL STANDARD BOOK NUMBER
International Standard Book Number 0811868753
035 ## - SYSTEM CONTROL NUMBER
System control number (OCoLC)262430097
040 ## - CATALOGING SOURCE
Original cataloging agency BTCTA
Transcribing agency BTCTA
Modifying agency DLC
-- GZD
-- ZS3
-- ABG
-- AGL
-- CN5O4
-- UKM
-- IHI
-- DLC
042 ## - AUTHENTICATION CODE
Authentication code lccopycat
050 00 - LIBRARY OF CONGRESS CALL NUMBER
Classification number SB418
Item number .F695 2009
070 0# - NATIONAL AGRICULTURAL LIBRARY CALL NUMBER
Classification number SB453
Item number .F69 2009
082 04 - DEWEY DECIMAL CLASSIFICATION NUMBER
Classification number 635
Edition information 22
100 1# - MAIN ENTRY--PERSONAL NAME
Personal name Fowler, Alys.
245 10 - TITLE STATEMENT
Title Garden anywhere :
Remainder of title how to grow gorgeous container gardens, herb gardens, kitchen gardens, and more, without spending a fortune /
Statement of responsibility, etc. Alys Fowler.
260 ## - PUBLICATION, DISTRIBUTION, ETC.
Place of publication, distribution, etc. San Francisco :
Name of publisher, distributor, etc. Chronicle Books,
Date of publication, distribution, etc. 2009.
300 ## - PHYSICAL DESCRIPTION
Extent 192 p. :
Other physical details chiefly col. ill. ;
Dimensions 24 cm.
336 ## - CONTENT TYPE
Content type term text
Content type code txt
Source rdacontent
337 ## - MEDIA TYPE
Media type term unmediated
Media type code n
Source rdamedia
338 ## - CARRIER TYPE
Carrier type term volume
Carrier type code nc
Source rdacarrier
500 ## - GENERAL NOTE
General note "First published in Great Britain in 2008 by Kyle Cathie Ltd."--T.p. verso.
500 ## - GENERAL NOTE
General note Includes index.
505 0# - FORMATTED CONTENTS NOTE
Formatted contents note From the ground up -- No-garden gardening -- How does your garden grow? -- Sowing, growing & protecting -- Pruning & propagating -- Defending your bounty -- The harvest -- Under the radar -- The directory.
520 ## - SUMMARY, ETC.
Summary, etc. A guide to gardening in small spaces, covering container gardens, herb gardens, and kitchen gardens; with information on soil, compost, pruning, harvesting, tools, and resources; and focusing on organic methods.
650 #0 - SUBJECT ADDED ENTRY--TOPICAL TERM
Topical term or geographic name entry element Container gardening.
650 #0 - SUBJECT ADDED ENTRY--TOPICAL TERM
Topical term or geographic name entry element Herb gardening.
650 #0 - SUBJECT ADDED ENTRY--TOPICAL TERM
Topical term or geographic name entry element Patio gardening.
650 #0 - SUBJECT ADDED ENTRY--TOPICAL TERM
Topical term or geographic name entry element Gardening.
856 42 - ELECTRONIC LOCATION AND ACCESS
Materials specified Contributor biographical information
Uniform Resource Identifier <a href="http://www.loc.gov/catdir/enhancements/fy1013/2010282363-b.html">http://www.loc.gov/catdir/enhancements/fy1013/2010282363-b.html</a>
856 42 - ELECTRONIC LOCATION AND ACCESS
Materials specified Publisher description
Uniform Resource Identifier <a href="http://www.loc.gov/catdir/enhancements/fy1013/2010282363-d.html">http://www.loc.gov/catdir/enhancements/fy1013/2010282363-d.html</a>
906 ## - LOCAL DATA ELEMENT F, LDF (RLIN)
a 7
b cbc
c copycat
d 2
e ncip
f 20
g y-gencatlg
925 0# -
-- acquire
-- 2 shelf copies
-- policy default
955 ## - COPY-LEVEL INFORMATION (RLIN)
-- xh06 2011-03-22
-- xh06 2011-03-22 to BCCD
Holdings
Withdrawn status Lost status Damaged status Not for loan Home library Current library Shelving location Date acquired Total checkouts Full call number Barcode Date last seen Price effective from Koha item type
        Centerville Centerville General stacks 22/03/2026   635 LOC-CPL-00035 22/03/2026 22/03/2026 Books